000 00970nam a2200181 a 4500
005 20140414132103.0
008 100722s19uu xx 00 eng d
050 _aREF 793.73
_bW51 2002
100 _aWick, Walter
245 _aCan you see what I see? :
_bon a scary, scary night.
260 _aNew York :
_bScholastic ,
_c2002.
300 _a35 p.
500 _aContents: On a scary, scary night -- Beneath a scary, scary moon -- In a scary, scary town -- On a scary, scary street -- Atop a scary, scary hill -- In a scary, scary castle -- Up scary, scary stairs -- In a scary, scary tower -- In a scary, scary cupboard -- On a scary, scary shelf -- In a scary, scary bottle -- --is a ghost! Notes: "Cartwheel Books"--T.p. verso.
520 _aTwelve scary picture puzzles invite children to look and find images hidden in the pictures.
650 _aPicture puzzles --Juvenile literature.
650 _aHaunted places --Juvenile literature.
999 _c114521
_d114521